Producción de frutas y hortalizas amazónicas (Registro nro. 16444)

Detalles MARC
000 -CABECERA
Campo de control 010490000a22003010004500
041 0# - IDIOMA
Código de idioma para texto/pista de sonido o título separado
090 ## - CLASIFICACIÓN LOCAL
Colección MM
Consecutivo 00065
041 0# - IDIOMA
Código de idioma para texto/pista de sonido o título separado
044 ## - PAÍS DE PUBLICACIÓN
País de publicación
110 1# - ASIENTO PRINCIPAL--NOMBRE CORPORATIVO
Nombre corporativo o de jurisdicción como elemento de entrada FAO
245 10 - MENCION DE TITULO
Título Producción de frutas y hortalizas amazónicas
260 ## - PUBLICACION, DISTRIBUCION, ETC. (PIE DE IMPRENTA)
Lugar de publicación, distribución, etc. s.l.
Nombre del editor, distribuidor, etc. FAO
Fecha de publicación, distribución, etc. 1997
260 ## - PUBLICACION, DISTRIBUCION, ETC. (PIE DE IMPRENTA)
Nombre del editor, distribuidor, etc. Tratado de Cooperación Amazónica
300 ## - DESCRIPCION FISICA
Extensión 128 min.
Otros detalles físicos VHS
650 14 - ASIENTO SECUNDARIO DE MATERIA - TERMINO TEMATICO
Término temático o nombre geográfico como elemento de entrada Agricultura tropical
650 14 - ASIENTO SECUNDARIO DE MATERIA - TERMINO TEMATICO
Término temático o nombre geográfico como elemento de entrada Frutas
650 14 - ASIENTO SECUNDARIO DE MATERIA - TERMINO TEMATICO
Término temático o nombre geográfico como elemento de entrada Hortalizas
650 14 - ASIENTO SECUNDARIO DE MATERIA - TERMINO TEMATICO
Término temático o nombre geográfico como elemento de entrada Técnicas de cultivo
650 14 - ASIENTO SECUNDARIO DE MATERIA - TERMINO TEMATICO
Término temático o nombre geográfico como elemento de entrada Especies promisorias
650 14 - ASIENTO SECUNDARIO DE MATERIA - TERMINO TEMATICO
Término temático o nombre geográfico como elemento de entrada Transferencia tecnológica
650 14 - ASIENTO SECUNDARIO DE MATERIA - TERMINO TEMATICO
Término temático o nombre geográfico como elemento de entrada Cuenca amazónica
653 ## - TERMINO DE INDIZACION - NO CONTROLADO
-- Myrtaceae
-- Myrciaria
-- Myrciaria dubia
-- camu-camu
653 ## - TERMINO DE INDIZACION - NO CONTROLADO
-- Palmae
-- Bactris
-- Bactris gasipaes
-- pijuayo
653 ## - TERMINO DE INDIZACION - NO CONTROLADO
--
-- Theobroma
-- Theobroma grandiflorum
-- copoazu
653 ## - TERMINO DE INDIZACION - NO CONTROLADO
-- Myrtaceae
-- Eugenia
-- Eugenia stipitata
-- araza
710 1# - ASIENTO SECUNDARIO - NOMBRE CORPORATIVO
Nombre corporativo o de jurisdicción como elemento de entrada Tratado de Cooperación Amazónica
942 ## - ELEMENTOS ADICIONALES (KOHA)
Tipo de ítem CD-ROM
Existencias
Withdrawn status Lost status Sistema de Clasificación Damaged status No para préstamo Colección Ubicación Permanente Ubicación actual Fecha de adquisición Fuente de Valor Total Checkouts Número topográfico Inventario / Código de Barras Date last seen Ejemplar Price effective from Forma de adquisición Tipo de material
    Local     Audiovisual Bogotá Bogotá 09/02/2017 Salcedo, Mauricio   AV-00065 018282 25/03/2015 Ej. 1 25/03/2015 Donación VHS
          Audiovisual Villa de Leyva Villa de Leyva 27/02/2015     MM 00065 AUTO_19732 25/03/2015   25/03/2015   CD-ROM